<?xml version="1.0" encoding="UTF-8"?><?xml-stylesheet type="text/xsl" href="static/style.xsl"?><OAI-PMH xmlns="http://www.openarchives.org/OAI/2.0/" xmlns:xsi="http://www.w3.org/2001/XMLSchema-instance" xsi:schemaLocation="http://www.openarchives.org/OAI/2.0/ http://www.openarchives.org/OAI/2.0/OAI-PMH.xsd"><responseDate>2026-04-17T11:54:38Z</responseDate><request verb="GetRecord" identifier="oai:www.recercat.cat:2445/224463" metadataPrefix="marc">https://recercat.cat/oai/request</request><GetRecord><record><header><identifier>oai:recercat.cat:2445/224463</identifier><datestamp>2026-04-07T18:01:07Z</datestamp><setSpec>com_2072_1057</setSpec><setSpec>col_2072_478777</setSpec><setSpec>col_2072_478917</setSpec></header><metadata><record xmlns="http://www.loc.gov/MARC21/slim" xmlns:dcterms="http://purl.org/dc/terms/" xmlns:xsi="http://www.w3.org/2001/XMLSchema-instance" xmlns:doc="http://www.lyncode.com/xoai" xsi:schemaLocation="http://www.loc.gov/MARC21/slim http://www.loc.gov/standards/marcxml/schema/MARC21slim.xsd">
   <leader>00925njm 22002777a 4500</leader>
   <datafield ind2=" " ind1=" " tag="042">
      <subfield code="a">dc</subfield>
   </datafield>
   <datafield ind2=" " ind1=" " tag="720">
      <subfield code="a">Nuell Turon, Sergi</subfield>
      <subfield code="e">author</subfield>
   </datafield>
   <datafield ind2=" " ind1=" " tag="720">
      <subfield code="a">Rabassa Blanco, Jordi</subfield>
      <subfield code="e">author</subfield>
   </datafield>
   <datafield ind2=" " ind1=" " tag="720">
      <subfield code="a">Bárcena, Cristina</subfield>
      <subfield code="e">author</subfield>
   </datafield>
   <datafield ind2=" " ind1=" " tag="720">
      <subfield code="a">Espar Moya, Josep</subfield>
      <subfield code="e">author</subfield>
   </datafield>
   <datafield ind2=" " ind1=" " tag="720">
      <subfield code="a">Munné Rodríguez, Carles</subfield>
      <subfield code="e">author</subfield>
   </datafield>
   <datafield ind2=" " ind1=" " tag="720">
      <subfield code="a">García Alday, Iker</subfield>
      <subfield code="e">author</subfield>
   </datafield>
   <datafield ind2=" " ind1=" " tag="260">
      <subfield code="c">2025-11-27T14:13:18Z</subfield>
   </datafield>
   <datafield ind2=" " ind1=" " tag="260">
      <subfield code="c">2025-11-27T14:13:18Z</subfield>
   </datafield>
   <datafield ind2=" " ind1=" " tag="260">
      <subfield code="c">2025-06-24</subfield>
   </datafield>
   <datafield ind2=" " ind1=" " tag="260">
      <subfield code="c">2025-11-27T14:13:18Z</subfield>
   </datafield>
   <datafield ind2=" " ind1=" " tag="520">
      <subfield code="a">Intermittent sequential pneumatic compression (ISPC) is used to improve readiness and recovery in athletes. This study aimed to evaluate the effects of daily use of ISPC for 5 weeks on the performance, physiological, and psychological parameters in seventeen male handball players. Players were randomly assigned either to an experimental (EXP, n = 8) or a control (CON, n = 9) group. Before and after the intervention, we measured the countermovement jump (CMJ) and the agility test (T-test) as markers of sport-specific performance, the systolic blood pressure (SBP) in the brachial and ankle arteries to evaluate the hemodynamic function, and the tensiomyography of biceps femoral, gastrocnemius and vastus medialis to assess muscle function. During the intervention, the session rating of perceived effort (sRPE, 30 minutes after training) and perceived recovery status (PRS, 1 hour after waking-up the following morning) were registered to evaluate subjective recovery. Results showed that CON experienced a decrease in agility performance from pre- to post-intervention (p = 0.030). In contrast, EXP had a significant improvement in the muscle contraction delay time of the left biceps femoris (p = 0.002), and a significant decrease in ankle SBP after the intervention (p = 0.017). Regarding perceived fatigue and recovery, EXP had slightly higher values than CON in PRS (p = 0.047), while sRPE had no significant changes. Thus, daily use of intermittent pneumatic compression for 5 weeks during a training period slightly mitigates the fatigue induced effects of training, while enhancing hemodynamic regulation and subjective recovery in competitive handball players.</subfield>
   </datafield>
   <datafield tag="653" ind2=" " ind1=" ">
      <subfield code="a">Terapèutica</subfield>
   </datafield>
   <datafield tag="653" ind2=" " ind1=" ">
      <subfield code="a">Pressió sanguínia</subfield>
   </datafield>
   <datafield tag="653" ind2=" " ind1=" ">
      <subfield code="a">Esports d'equip</subfield>
   </datafield>
   <datafield tag="653" ind2=" " ind1=" ">
      <subfield code="a">Therapeutics</subfield>
   </datafield>
   <datafield tag="653" ind2=" " ind1=" ">
      <subfield code="a">Blood pressure</subfield>
   </datafield>
   <datafield tag="653" ind2=" " ind1=" ">
      <subfield code="a">Team sports</subfield>
   </datafield>
   <datafield ind2="0" ind1="0" tag="245">
      <subfield code="a">Effects of daily use of intermittent pneumatic compression in competitive handball players: A randomized controlled trial</subfield>
   </datafield>
</record></metadata></record></GetRecord></OAI-PMH>